Những vấn đề cơ bản và thuật ngữ (danh từ) của bộ luật lao động
Gồm những vấn đề cơ bản những danh từ, thuật ngữ được giải thích trong Bộ luật lao động.
Guardado en:
| Autor principal: | |
|---|---|
| Formato: | Libro |
| Lenguaje: | Undetermined |
| Publicado: |
Thành phố Hồ Chí Minh
Nhà xuất bản Thành phố Hồ Chí Minh
1997
|
| Materias: | |
| Etiquetas: |
Agregar Etiqueta
Sin Etiquetas, Sea el primero en etiquetar este registro!
|
| Thư viện lưu trữ: | Trung tâm Học liệu Trường Đại học Cần Thơ |
|---|
| LEADER | 00897nam a2200205Ia 4500 | ||
|---|---|---|---|
| 001 | CTU_153887 | ||
| 008 | 210402s9999 xx 000 0 und d | ||
| 082 | |a 344.01 | ||
| 082 | |b D561 | ||
| 100 | |a Nguyễn, Thuỳ Dương | ||
| 245 | 0 | |a Những vấn đề cơ bản và thuật ngữ (danh từ) của bộ luật lao động | |
| 245 | 0 | |c Nguyễn Thuỳ Dương | |
| 260 | |a Thành phố Hồ Chí Minh | ||
| 260 | |b Nhà xuất bản Thành phố Hồ Chí Minh | ||
| 260 | |c 1997 | ||
| 520 | |a Gồm những vấn đề cơ bản những danh từ, thuật ngữ được giải thích trong Bộ luật lao động. | ||
| 650 | |a Labor laws and legislation,Pháp chế và luật lao động | ||
| 650 | |z Vietnam,Việt Nam | ||
| 904 | |i Năm | ||
| 980 | |a Trung tâm Học liệu Trường Đại học Cần Thơ | ||